000 00795nam a22002777a 4500
001 BR7375679
003 BR-BrBNA
005 20240930103546.0
008 230509b bl.||||| |||| 00| 0 por d
040 _aBR-BrBNA
_bpor
041 _a(Por)
072 _aC00; E10
_b/G514
090 _aC00
_bBR7375679
100 1 _aRocha, Fernando A. S.
110 1 _aAssociacao Internacional de Economistas Agricolas, Sao Paulo, SP (Brasil)
_9635
245 1 _aEnsino, pesquisa e extensão:
_bo caso brasileiro na área da economia rural /
300 _a18 p.
500 _a9 ref.
650 _aEducação
650 _aMacroeconomia
650 _aExtensão rural
650 _aEconomia agrícola
909 _a09/2024
_bSARAH
942 _cBK
999 _c18962
_d18962